Defunciones de menores de 5 años. Indicadores seleccionados. Argentina, año 2007 (Registro nro. 1841)
[ vista simple ]
| 000 -LEADER | |
|---|---|
| fixed length control field | 01051nam a2200253 a 4500 |
| 003 - CONTROL NUMBER IDENTIFIER | |
| control field | OSt |
| 005 - FECHA ULTIMA MODIFICACION | |
| control field | 20131021145222.0 |
| 008 - FIXED-LENGTH DATA ELEMENTS--GENERAL INFORMATION | |
| fixed length control field | 131021s2007 ag ||||| |||| 00| 0 spa d |
| 022 ## - INTERNATIONAL STANDARD SERIAL NUMBER | |
| International Standard Serial Number | 0301-4630 |
| 040 ## - CATALOGING SOURCE | |
| Transcribing agency | Biblioteca Medicina |
| 041 ## - LANGUAGE CODE | |
| Language code of text/sound track or separate title | spa |
| 082 ## - DEWEY DECIMAL CLASSIFICATION NUMBER | |
| Item number | MINIST. DE SALUD 0412 |
| 110 ## - MAIN ENTRY--CORPORATE NAME | |
| Corporate name or jurisdiction name as entry element | Ministerio de Salud |
| 9 (RLIN) | 2598 |
| 245 00 - TITLE STATEMENT | |
| Title | Defunciones de menores de 5 años. Indicadores seleccionados. Argentina, año 2007 |
| 250 ## - EDITION STATEMENT | |
| Edition statement | 1º ed. |
| 260 ## - PUBLICATION, DISTRIBUTION, ETC. (IMPRINT) | |
| Place of publication, distribution, etc | Buenos Aires |
| Name of publisher, distributor, etc | Ministerio de Salud; |
| -- | Secretaria de Politicas, Regulacion e Institutos; |
| -- | Direccion de Estadisticas e Informacion de Salud; |
| -- | Sistema Estadistico de Salud |
| Date of publication, distribution, etc | 2007 |
| 300 ## - PHYSICAL DESCRIPTION | |
| Extent | 25 p. |
| 653 ## - INDEX TERM--UNCONTROLLED | |
| Uncontrolled term | ESATDISTICAS-ARGENTINA-2007 |
| 653 ## - INDEX TERM--UNCONTROLLED | |
| Uncontrolled term | PEDIATRIA-MORTALIDAD |
| 653 ## - INDEX TERM--UNCONTROLLED | |
| Uncontrolled term | PEDIATRIA-ESTADISTICA-2007 |
| 942 ## - ADDED ENTRY ELEMENTS (KOHA) | |
| Source of classification or shelving scheme | Dewey Decimal Classification |
| Koha item type | Hemeroteca |
| Withdrawn status | Lost status | Fuente de clasificación | Damaged status | Not for loan | Colección | Ubicación permanente | Ubicación actual | Sala de ubicación | Fecha de adquisición | Total Checkouts | Número de clasificación | Date last seen | Número de ejemplar | Price effective from | Koha tipo de elemento (item) |
|---|---|---|---|---|---|---|---|---|---|---|---|---|---|---|---|
| Dewey Decimal Classification | Non-fiction | Biblioteca Medicina | Biblioteca Medicina | Circulación | 21/10/2013 | MINIST. DE SALUD 0412 | 06/11/2014 | Ej. 1 | 21/10/2013 | Hemeroteca | |||||
| Dewey Decimal Classification | Non-fiction | Biblioteca Medicina | Biblioteca Medicina | Circulación | 21/10/2013 | MINIST. DE SALUD 0412 | 06/11/2014 | Ej. 2 | 21/10/2013 | Hemeroteca |